Les personnages de la série Section de recherche - Statistiques

Statistiques générales
  • Ce quiz a été pris 46 fois
  • Le résultat moyen est 16 sur 54
Statistiques - réponses
Hint Réponse % Correct
Personnages principaux Bordeaux et Nice Officier de gendarmerie Xavier Deluc Martin {Bernier}
100%
Personnages principaux Bordeaux et Nice Officier de gendarmerie Chrystelle Labaude Nadia {Angeli}
79%
Famille de Sara Nice Frère de Sara Nicolas Van Beveren Nathan {Casanova}
75%
Famille de Mathilde et Enzo Bordeaux Père de Mathilde Olivier Pagès Général {Delmas}
67%
Famille de Mathilde et Enzo Bordeaux Demi-soeur de Mathilde Camille Boquien Lisa {Delmas}
67%
Personnages principaux Bordeaux Sous-officier de gendarmerie Virginie Caliari Mathilde {Delmas}
67%
Personnages principaux Bordeaux Officier de gendarmerie Kamel Belghazi Enzo {Ghemara}
63%
Personnages principaux Bordeaux Sous-officier de gendarmerie Linda Hardy Claire {Linsky}
54%
Famille de Claire Bordeaux Fils de Claire Charles Gilbert Julien {Linsky}
54%
Personnages principaux Nice Officier de gendarmerie Franck Sémonin Lucas {Auriol}
54%
Personnages principaux Bordeaux TIC et tueur en série Vincent Primault Marc-Olivier {Delcroix}
42%
Personnages principaux Bordeaux Officier de gendarmerie Olivia Lancelot Nathalie {Charlieu}
42%
Famille de Lucas Nice Fils de Lucas Imanoé Minucci & Priam Rodriguez Prénom seul {Elliot}
42%
Personnages principaux Bordeaux Sous-officier de gendarmerie Félicité du Jeu Fanny {Caradec}
38%
Famille de Rose Nice Mère adoptive Sophie Bouilloux Isabelle {Orsini}
38%
Personnages principaux Nice Officier de gendarmerie Fabienne Carat Jeanne {Lorieux}
38%
Personnages principaux Bordeaux Sous-officier de gendarmerie Jean-Pascal Lacoste Luc {Irrandonéa}
38%
Famille de Luc Bordeaux Père de Luc Eric Franquelin Roland {Irrandonéa}
38%
Personnages principaux Nice Officier de gendarmerie Honorine Magnier Rose {Orsini}
38%
Personnages principaux Nice Sous-officier de gendarmerie Stéphane Soo Mongo Alexandre {Sainte-Rose}
29%
Famille de Victoire Nice Demi-soeur Charlie Loiselier Chloé {Cabral}
29%
Personnages principaux Bordeaux Officier de gendarmerie Jacques Spiesser Daniel {Pérez}
29%
Famille de Victoire Nice Père Yann Babilée Hervé {Cabral}
29%
Famille de Martin Nice Ex-femme de Martin Valérie Kaprisky Laura {Belmont}
29%
Personnages principaux Nice Sous-officier de gendarmerie Félicité Chaton Victoire {Cabral}
29%
Famille de Martin Nice Fille adoptive de Martin Dorcas Coppin Leslie {Sorel}
25%
Famille de Mathilde et Enzo Bordeaux Amie d'enfance d'Enzo Hélène Godec Anouk {Dubosc}
21%
Personnages principaux Nice Psychologue et officier de gendarmerie Raphaèle Bouchard Camille {Chatenet}
21%
Famille de Camille Nice Officier Fabrice Deville Eric {Chatenet}
21%
Bordeaux Cousine de Luc Delphine Rollin Prénom seul {Sandrine}
21%
Famille de Jeanne Nice Colocataire et amante Mélanie Maudran Prénom seul {Sandrine}
21%
Personnages principaux Nice Officier de gendarmerie Julie Fournier Roxane [Janin}
21%
Personnages principaux Bordeaux et Nice Sous-officier de gendarmerie Manon Azem Sara {Cazanova}
21%
Personnages principaux Nice Officier de gendarmerie Julie Bernard Juliette {Delage}
17%
Famille de Mathilde et Enzo Bordeaux Fille de l'amie d'enfance d'Enzo Leäi Michel & Maëline Vourc'h Prénom seul {Léna}
17%
Personnages principaux Nice Procureur Christian Vadim {Thierry} Calvi
17%
Personnages principaux Bordeaux Procureur Bernard Montiel Alain {Berger}
13%
Famille de Sara Nice Père de Sara Patrick Bouchitey Dominique {Taviani}
13%
Famille de Rose Nice Mère biologique Catherine Wilkening Fanny {Colomars}
13%
Personnages principaux Nice Officier de gendarmerie Marine Sainsily Sophie {Walle}
13%
Famille de Jeanne Nice Ami de son amant Mickaël Sabbah William {Borel}
13%
Famille de Lucas Nice Ex ami de Lucas et truand Vincent Martinez Anthony {Portal}
8%
Personnages principaux Nice Officier de gendarmerie Elise Tielrooy Ariel {Grimaud}
8%
Famille de Fanny Bordeaux Ex-marie Boris Terral Laurent {Croze}
8%
Famille de Nadia Nice Compagnon Didier Cauchy Léo {Grasset}
8%
Famille de Sara Nice Demi-frère de Sara Alexis Loret Michaël {Varèse}
8%
Famille de Lucas Nice Ex de Lucas Maud Buquet Nawel {Berki}
8%
Famille de Martin Nice Fils de Martin Elias Hauteur Prénom seul {Louis}
8%
Famille de Nadia Bordeaux Ex-mari Stefan Godin Prénom seul {Paul}
8%
Famille de Jeanne Nice Amant Benjamin Baroche Simon {Sauvegeon}
8%
Famille de Martin Nice Mère de la fille adoptive de Martin Elodie Hasme Ariane {Dugay}
4%
Famille de Lucas Nice Mère du fils de Lucas Aude Candela Clara {Castelli}
4%
Personnages principaux Bordeaux Officier de gendarmerie Christian Sinniger & Philippe Le Dem Colonel {Derville}
4%
Famille de Lucas Nice Ex-compagne de la mère d'Elliot Diane Robert Muriel {Joliet}
4%
Aucun quiz correspondant
Distribution des résultats
% des personnes avec chaque résultat
Percentile par nombre de réponses
Votre historique - résultats
Vous n’avez pas pris ce quiz